| 000 | 00420nam a2200109Ia 4500 | ||
|---|---|---|---|
| 008 | 160909s9999 xx 000 0 und d | ||
| 100 | _aJacobson, Jason A. | ||
| 245 | 3 | _aAn examination of the achievement gap and school A-F letter grades in a southwest county in the United States | |
| 260 |
_bNorthern Arizona University _c2016 |
||
| 650 | _aEDUC/SPED | ||
| 856 | _uhttp://pqdtopen.proquest.com/doc/1808836092.html?FMT=ABS | ||
| 999 |
_c305060 _d305060 |
||